000 00421nam a2200157 i 4500
001 57858
003 ES-MaACL
005 20230906163651.0
007 t|
008 031020s1916 fr ||||1| fre d
100 1 _aDottin, Georges.
_945466
245 1 4 _aLes anciens peuples de l'Europe /
_cGeorges Dottin.
260 _aParis :
_bC. Klincksieck,
_c1916.
300 _aXIV, 302 p. ;
_c22 cm.
852 _aES-MaACL
_jF-2450
999 _c57858
_d57858